000 01364naa a22002057a 4500
005 20260218100306.0
008 260218e20260115xxk|||||ov|||o00| | eng d
041 _aeng
245 _aProvident Building Services Limited v Hexagon Housing Association Limited
_b[2026] UKSC 1
260 _bThe Supreme Court,
_c15 January 2026
520 _aSupreme Court judgement clarifying termination rights under JCT Design and Build contracts. In summary, when a client pays late, the Contractor has the right to issue a ‘warning notice’ for termination, which has a time limit (usually 28 days) for the payment to be made, and in the case in question, the Client paid up within that period. When that late payment happened again six months later, the Contractor thought they had the right to terminate immediately, based on the previous notice six months earlier. Not so, said the judge – each payment must be looked at in isolation.
520 _aJustices: Lord Reed, Lord Briggs, Lord Burrows, Lord Stephens, Lord Richards
650 _aCONSTRUCTION CONTRACTS
650 _aCONSTRUCTION LAW
650 _aLATE PAYMENTS
650 _aTERMINATION
651 _aUnited Kingdom
690 _aConstruction management
_96230
856 _uhttps://supremecourt.uk/uploads/uksc_2024_0130_judgment_4957afaf10.pdf
_zJudgement available on the Supreme Court website
999 _c122245
_d122245